Seabirds of the World - Statistics

General Stats
  • This quiz has been taken 11 times
  • The average score is 70 of 446
Answer Stats
Hint Answer % Correct
Gannets & Boobies Blue-footed Booby
78%
Gannets & Boobies Cape Gannet
67%
Loons (Divers) Common Loon (Great Northern Diver)
67%
Penguins Emperor Penguin
67%
Grebes Little Grebe
67%
Gannets & Boobies Northern Gannet
67%
Gannets & Boobies Red-footed Booby
67%
Gannets & Boobies Brown Booby
56%
Terns Common Tern
56%
Auks Dovekie (Little Auk)
56%
Grebes Great Crested Grebe
56%
Grebes Horned (Slavonian) Grebe
56%
Penguins King Penguin
56%
Gulls [Lesser Black-backed Gull] Baltic Gull
56%
Gulls [Lesser Black-backed Gull] Heuglin's Gull
56%
Gulls [Lesser Black-backed Gull] Lesser Black-backed Gull
56%
Gulls [Lesser Black-backed Gull] Steppe (Baraba) Gull
56%
Penguins Adélie Penguin
44%
Loons (Divers) Arctic Loon (Black-throated Diver)
44%
Terns Arctic Tern
44%
Auks Atlantic Puffin
44%
Auks Black Guillemot
44%
Gulls Black-headed Gull
44%
Penguins Chinstrap Penguin
44%
Ducks Common Eider
44%
Auks Common Murre (Common Guillemot)
44%
Gulls Great Black-backed Gull
44%
Cormorants & Shags Great Cormorant
44%
Frigatebird Great Frigatebird
44%
Frigatebird Magnificent Frigatebird
44%
Fulmars [Northern Fulmar] Atlantic Fulmar
44%
Fulmars [Northern Fulmar] Pacific Fulmar
44%
Skuas & Jaegers Parasitic Jaeger (Arctic Skua)
44%
Tropicbird Red-billed Tropicbird
44%
Phalaropes Red (Grey) Phalarope
44%
Phalaropes Red-necked Phalarope
44%
Loons (Divers) Red-throated Loon (Red-throated Diver)
44%
Terns [Sandwich Tern] Cabot's Tern
44%
Terns [Sandwich Tern] Sandwich Tern
44%
Terns Sooty Tern
44%
Fulmars Southern Fulmar
44%
Gulls [Yellow-legged Gull] Azorean Yellow-legged Gull
44%
Gulls [Yellow-legged Gull] Yellow-legged Gull
44%
Pelicans Australian Pelican
33%
Albatross [Black-browed Albatross] Black-browed Albatross
33%
Albatross [Black-browed Albatross] Campbell Albatross
33%
Skuas & Jaegers [Brown Skua] Chatham Brown Skua
33%
Skuas & Jaegers [Brown Skua] Falkland Brown Skua
33%
Skuas & Jaegers [Brown Skua] Subantarctic Brown Skua
33%
Skuas & Jaegers [Brown Skua] Subtropical (Tristan) Brown Skua
33%
Frigatebird Christmas Island (Christmas) Frigatebird
33%
Gannets & Boobies Cocos Booby
33%
Gulls [Common Gull] Common Gull
33%
Gulls [Common Gull] Kamchatka Gull
33%
Shearwater Cory's Shearwater
33%
Grebes Eared (Black-necked) Grebe
33%
Penguins Galápagos Penguin
33%
Skuas & Jaegers Great Skua (Bonxie)
33%
Skimmers Indian Skimmer
33%
Ducks King Eider
33%
Frigatebird Lesser Frigatebird
33%
Ducks Long-tailed Duck
33%
Skuas & Jaegers Long-tailed Jaeger (Long-tailed Skua)
33%
Shearwater Manx Shearwater
33%
Auks Marbled Murrelet
33%
Gannets & Boobies Nazca Booby
33%
Gannets & Boobies Peruvian Booby
33%
Skuas & Jaegers Pomarine Jaeger (Pomarine Skua)
33%
Auks Razorbill
33%
Tropicbird Red-tailed Tropicbird
33%
Gulls [Silver Gull] Red-billed Gull
33%
Gulls [Silver Gull] Silver Gull
33%
Shearwater Sooty Shearwater
33%
Skuas & Jaegers South Polar Skua
33%
Auks Tufted Puffin
33%
Ducks Velvet Scoter
33%
Albatross Wandering (White-winged) Albatross
33%
Tropicbird White-tailed Tropicbird
33%
Terns White-winged Tern
33%
Phalaropes Wilson's Phalarope
33%
Gannets & Boobies Abbott's Booby
22%
Penguins African Penguin
22%
Skimmers African Skimmer
22%
Frigatebird Ascension Frigatebird
22%
Gannets & Boobies Australasian Gannet
22%
Terns Australian Tern
22%
Shearwater Balearic Shearwater
22%
Gulls Black-billed Gull
22%
Gulls Black-legged Kittiwake
22%
Terns Black Noddy
22%
Ducks Black Scoter
22%
Skimmers Black Skimmer
22%
Prions & Allies Blue Petrel
22%
Gulls Bonaparte's Gull
22%
Cormorants & Shags Bounty Islands (Bounty) Shag
22%
Terns Bridled Tern
22%
Terns Brown Noddy
22%
Pelicans Brown Pelican
22%
Shearwater Buller's Shearwater
22%
Shearwater Cape Verde Shearwater
22%
Gulls Caspian Gull
22%
Terns Caspian Tern
22%
Skuas & Jaegers Chilean Skua
22%
Ducks Common Merganser (Goosander)
22%
Ducks Common Scoter
22%
Pelicans Dalmatian Pelican
22%
Penguins Erect-crested Penguin
22%
Storm-Petrels European Storm-Petrel
22%
Prions & Allies Fairy Prion
22%
Penguins Fiordland Penguin
22%
Shearwater Flesh-footed Shearwater
22%
Terns Forster's Tern
22%
Gulls Franklin's Gull
22%
Penguins Gentoo Penguin
22%
Shearwater Great Shearwater
22%
Terns Gull-billed Tern
22%
Auks Horned Puffin
22%
Penguins Humboldt Penguin
22%
Cormorants & Shags Japanese (Temminck's) Cormorant
22%
Gulls [Kelp Gull] Cape (Khoisan) Gull
22%
Gulls [Kelp Gull] Kelp Gull
22%
Albatross Laysan Albatross
22%
Grebes Least Grebe
22%
Terns Least Tern
22%
Penguins Little (Fairy) Penguin
22%
Gulls Little Gull
22%
Cormorants & Shags Little (Javanese) Cormorant
22%
Terns Little Tern
22%
Penguins Macaroni Penguin
22%
Penguins Magellanic Penguin
22%
Gannets & Boobies [Masked Booby] Masked Booby
22%
Gannets & Boobies [Masked Booby] Tasman Booby
22%
Penguins Moseley's (Northern) Rockhopper Penguin
22%
Giant Petrels Northern Giant Petrel
22%
Gulls Red-legged Kittiwake
22%
Terns Roseate Tern
22%
Penguins Royal Penguin
22%
Shearwater Scopoli's Shearwater
22%
Misc. Petrels Snow Petrel
22%
Sheathbills Snowy Sheathbill
22%
Giant Petrels Southern Giant Petrel
22%
Penguins [Southern Rockhopper Penguin] Eastern Rockhopper Penguin
22%
Penguins [Southern Rockhopper Penguin] Southern Rockhopper Penguin
22%
Shearwater Streaked Shearwater
22%
Auks Thick-billed Murre (Brünnich's Guillemot)
22%
Shearwater Wedge-tailed Shearwater
22%
Storm-Petrels [Wilson's Storm-Petrel] Fuegian Storm-Petrel
22%
Storm-Petrels [Wilson's Storm-Petrel] Wilson's Storm-Petrel
22%
Shearwater Yelkouan Shearwater
22%
Penguins Yellow-eyed Penguin
22%
Terns Aleutian Tern
11%
Gulls American Herring (Smithsonian) Gull
11%
Pelicans American White Pelican
11%
Albatross Amsterdam Albatross
11%
Auks Ancient Murrelet
11%
Prions & Allies Antarctic Prion
11%
Terns Antarctic Tern
11%
Albatross [Antipodean Albatross] Antipodean Albatross
11%
Albatross [Antipodean Albatross] Gibson's Albatross
11%
Gulls Armenian Gull
11%
Albatross Atlantic Yellow-nosed Albatross
11%
Gulls Audouin's Gull
11%
Grebes Australasian Grebe
11%
Terns Australian Fairy (Fairy) Tern
11%
Shearwater Bannerman's Shearwater
11%
Shearwater Barolo Shearwater
11%
Gadfly Petrels Bermuda Petrel (Cahow)
11%
Storm-Petrels Black-bellied Storm-Petrel
11%
Gadfly Petrels Black-capped Petrel
11%
Albatross Black-footed Albatross
11%
Procellaria Petrels Black (Parkinson's) Petrel
11%
Storm-Petrels Black Storm-Petrel
11%
Gulls Black-tailed Gull
11%
Terns Black Tern
11%
Shearwater Black-vented Shearwater
11%
Gadfly Petrels Black-winged Petrel
11%
Terns Blue-gray (Blue) Noddy (Blue Ternlet)
11%
Shearwater Boyd's Shearwater
11%
Prions & Allies Broad-billed Prion
11%
Albatross Buller's Albatross
11%
Gulls California Gull
11%
Cormorants & Shags Campbell Islands (Campbell) Shag
11%
Cormorants & Shags Cape Cormorant
11%
Auks Cassin's Auklet
11%
Albatross Chatham Albatross
11%
Cormorants & Shags Chatham Islands (Chatham) Shag
11%
Terns Chinese Crested Tern
11%
Shearwater Christmas Shearwater
11%
Grebes Clark's Grebe
11%
Diving-Petrels Common Diving-Petrel
11%
Gadfly Petrels Cook's Petrel
11%
Auks Crested Auklet
11%
Cormorants & Shags Double-crested Cormorant
11%
Terns Elegant Tern
11%
Storm-Petrels Elliot's (White-vented) Storm-Petrel
11%
Gulls European Herring Gull
11%
Gadfly Petrels [Fea's Petrel] Cape Verde Petrel (Gon-Gon)
11%
Gadfly Petrels [Fea's Petrel] Desertas Petrel (Bugio Freira)
11%
Shearwater Fluttering Shearwater
11%
Storm-Petrels Fork-tailed Storm-Petrel
11%
Prions & Allies Fulmar Prion
11%
Gadfly Petrels Galápagos Petrel
11%
Shearwater Galápagos Shearwater
11%
Gulls Glaucous Gull
11%
Terns Gray-backed (Spectacled) Tern
11%
Storm-Petrels Gray-backed Storm-Petrel
11%
Gadfly Petrels Gray-faced Petrel
11%
Albatross Gray-headed Albatross
11%
Terns Gray Noddy (Gray Ternlet)
11%
Procellaria Petrels Gray Petrel
11%
Terns Greater Crested Tern
11%
Ducks Greater Scaup
11%
Pelicans Great White Pelican
11%
Gadfly Petrels Great-winged Petrel
11%
Auks Guadalupe Murrelet
11%
Ducks Harlequin Duck
11%
Shearwater Heinroth's Shearwater
11%
Grebes Hoary-headed Grebe
11%
Ducks Hooded Merganser
11%
Shearwater Hutton's Shearwater
11%
Gulls [Iceland Gull] Iceland Gull
11%
Gulls [Iceland Gull] Kumlien's Gull
11%
Gulls [Iceland Gull] Thayer's Gull
11%
Albatross Indian Yellow-nosed Albatross
11%
Gulls Ivory Gull
11%
Gadfly Petrels Jamaican Petrel
11%
Grebes Junin Grebe
11%
Auks Kittlitz's Murrelet
11%
Terns Large-billed Tern
11%
Gulls Laughing Gull
11%
Gulls Lava Gull
11%
Storm-Petrels Leach's Storm-Petrel
11%
Auks Least Auklet
11%
Terns Lesser Crested Tern
11%
Terns Lesser Noddy
11%
Ducks Lesser Scaup
11%
Albatross Light-mantled Albatross
11%
Cormorants & Shags Little Black Cormorant
11%
Cormorants & Shags Little Pied Cormorant (Little Pied Shag)
11%
Shearwater Little Shearwater
11%
Prions & Allies MacGillivray's Prion
11%
Cormorants & Shags Magellanic Cormorant (Rock Shag)
11%
Diving-Petrels Magellanic Diving-Petrel
11%
Gulls Mediterranean Gull
11%
Gulls Mongolian Gull
11%
Gadfly Petrels Mottled Petrel
11%
Storm-Petrels New Caledonian Storm-Petrel
11%
Shearwater Newell's Shearwater
11%
Grebes New Zealand Grebe
11%
Storm-Petrels New Zealand Storm-Petrel
11%
Albatross Northern Royal Albatross
11%
Gulls Pacific Gull
11%
Loons (Divers) Pacific Loon (Pacific Diver)
11%
Gulls Pallas's (Great Black-headed) Gull
11%
Auks Parakeet Auklet
11%
Shearwater Persian Shearwater
11%
Diving-Petrels Peruvian Diving-Petrel
11%
Pelicans Peruvian Pelican
11%
Grebes Pied-billed Grebe
11%
Cormorants & Shags Pied Cormorant (Pied Shag)
11%
Auks [Pigeon Guillemot] Pigeon Guillemot
11%
Auks [Pigeon Guillemot] Snow's (Kuril) Guillemot
11%
Shearwater Pink-footed Shearwater
11%
Cormorants & Shags Pitt Island (Pitt) Shag
11%
Storm-Petrels Polynesian (White-throated) Storm-Petrel
11%
Gadfly Petrels Providence (Solander's) Petrel
11%
Gadfly Petrels Pycroft's Petrel
11%
Ducks Red-breasted Merganser
11%
Grebes Red-necked Grebe
11%
Auks Rhinoceros Auklet
11%
Gulls Ring-billed Gull
11%
Terns River Tern
11%
Gulls Ross's Gull
11%
Terns Royal Tern
11%
Gulls Sabine's Gull (Xeme)
11%
Albatross Salvin's Albatross
11%
Prions & Allies Salvin's Prion
11%
Shearwater Sargasso (Audubon's) Shearwater
11%
Auks Scripps's Murrelet
11%
Gulls Short-billed (Mew) Gull
11%
Albatross Short-tailed Albatross
11%
Shearwater Short-tailed Shearwater
11%
Grebes [Silvery Grebe] Northern Silvery Grebe
11%
Grebes [Silvery Grebe] Southern Silvery Grebe
11%
Gulls Slaty-backed Gull
11%
Prions & Allies Slender-billed (Thin-billed) Prion
11%
Ducks Smew
11%
Penguins Snares Penguin
11%
Gadfly Petrels Soft-plumaged Petrel
11%
Albatross Sooty Albatross
11%
Gulls Sooty Gull
11%
Terns South American Tern
11%
Albatross Southern Royal Albatross
11%
Diving-Petrels South Georgia Diving-Petrel
11%
Ducks Spectacled Eider
11%
Procellaria Petrels Spectacled Petrel
11%
Cormorants & Shags Spotted Shag
11%
Gadfly Petrels Stejneger's Petrel
11%
Ducks Steller's Eider
11%
Cormorants & Shags [Stewart Island Shag] Otago Shag
11%
Shearwater Subantarctic Shearwater
11%
Ducks Surf Scoter
11%
Gulls Swallow-tailed Gull
11%
Shearwater Townsend's Shearwater
11%
Storm-Petrels Townsend's Storm-Petrel
11%
Albatross Tristan Albatross
11%
Shearwater [Tropical Shearwater] Baillon's Shearwater
11%
Shearwater [Tropical Shearwater] Seychelles Shearwater
11%
Shearwater [Tropical Shearwater] Tropical Shearwater
11%
Gulls [Vega Gull] Taimyr Gull
11%
Gulls [Vega Gull] Vega Gull
11%
Albatross Waved Albatross
11%
Grebes Western Grebe
11%
Procellaria Petrels Westland Petrel
11%
Auks Whiskered Auklet
11%
Terns Whiskered Tern
11%
Storm-Petrels [White-bellied Storm-Petrel] Titan Storm-Petrel
11%
Storm-Petrels [White-bellied Storm-Petrel] White-bellied Storm-Petrel
11%
Albatross [White-capped Albatross] Shy (Tasmanian Shy) Albatross
11%
Albatross [White-capped Albatross] White-capped Albatross
11%
Procellaria Petrels White-chinned Petrel
11%
Storm-Petrels White-faced Storm-Petrel
11%
Terns White-fronted Tern
11%
Gadfly Petrels White-headed Petrel
11%
Terns White Tern
11%
Ducks White-winged Scoter
11%
Loons (Divers) Yellow-billed Loon (White-billed Diver)
11%
Terns Yellow-billed Tern
11%
Gulls Yellow-footed Gull
11%
Storm-Petrels Ainley's Storm-Petrel
0%
Gulls Andean Gull
0%
Misc. Petrels Antarctic Petrel
0%
Cormorants & Shags Antarctic Shag
0%
Storm-Petrels Ashy Storm-Petrel
0%
Gadfly Petrels Atlantic Petrel
0%
Cormorants & Shags Aukland Islands (Aukland) Shag
0%
Storm-Petrels Band-rumped Storm-Petrel
0%
Cormorants & Shags Bank Cormorant
0%
Gadfly Petrels Barau's Petrel
0%
Ducks Barrow's Goldeneye
0%
Bulweria Petrels Beck's Petrel
0%
Gulls Belcher's (Band-tailed) Gull
0%
Terns Black-bellied Tern
0%
Cormorants & Shags Black-faced Cormorant
0%
Sheathbills Black-faced Sheathbill
0%
Terns Black-fronted Tern
0%
Terns Black-naped Tern
0%
Gadfly Petrels Bonin Petrel
0%
Cormorants & Shags Brandt's Cormorant
0%
Gulls Brown-headed Gull
0%
Gulls Brown-hooded Gull
0%
Shearwater Bryan's Shearwater
0%
Ducks Bufflehead
0%
Bulweria Petrels Bulwer's Petrel
0%
Misc. Petrels Cape (Pintado) Petrel
0%
Storm-Petrels Cape Verde Storm-Petrel
0%
Gadfly Petrels Chatham Islands (Chatham) Petrel
0%
Gadfly Petrels Collared Petrel
0%
Ducks Common Goldeneye
0%
Auks Craveri's Murrelet
0%
Ducks Crested Duck
0%
Cormorants & Shags Crowned Cormorant
0%
Cormorants & Shags Crozet Shag
0%
Terns Damara Tern
0%
Gulls Dolphin Gull
0%
Cormorants & Shags European Shag
0%
Ducks Falkland Steamer Duck
0%
Bulweria Petrels Fiji Petrel
0%
Cormorants & Shags Flightless Cormorant
0%
Ducks Flightless (Magellanic) Steamer Duck
0%
Ducks Flying Steamer Duck
0%
Gulls Glaucous-winged Gull
0%
Gadfly Petrels Gould's (White-winged) Petrel
0%
Gulls Gray Gull
0%
Grebes Great Grebe
0%
Gulls Grey-headed (Gray-hooded) Gull
0%
Cormorants & Shags Guanay Cormorant
0%
Gulls Hartlaub's Gull
0%
Gadfly Petrels Hawaiian Petrel (Ua'u)
0%
Cormorants & Shags Heard Island (Heard) Shag
0%
Gulls Heermann's Gull
0%
Gadfly Petrels Henderson Petrel
0%
Gadfly Petrels Herald Petrel
0%
Grebes Hooded Grebe
0%
Cormorants & Shags [Imperial Cormorant] Falkland Shag
0%
Cormorants & Shags [Imperial Cormorant] Imperial Cormorant (Imperial Shag)
0%
Terns Inca Tern
0%
Cormorants & Shags Indian Cormorant
0%
Auks Japanese (Crested) Murrelet
0%
Bulweria Petrels Jouanin's Petrel
0%
Gadfly Petrels Juan Fernández Petrel
0%
Cormorants & Shags Kerguelen Shag
0%
Gadfly Petrels Kerguelen's Petrel
0%
Terns Kerguelen Tern
0%
Gadfly Petrels Kermadec Petrel
0%
Storm-Petrels Least Storm-Petrel
0%
Auks Long-billed Murrelet
0%
Cormorants & Shags Macquarie Shag
0%
Grebes Madagascar Grebe
0%
Gadfly Petrels Magenta Petrel (Chatham Island Taiko)
0%
Storm-Petrels Markham's Storm-Petrel
0%
Gadfly Petrels Masatierra (DeFilippi's) Petrel
0%
Bulweria Petrels Mascarene Petrel
0%
Storm-Petrels Matsudaira's Storm-Petrel
0%
Storm-Petrels Moniteiro's Storm-Petrel
0%
Gadfly Petrels Murphy's Petrel
0%
Cormorants & Shags Neotropical (Olivaceous) Cormorant
0%
Cormorants & Shags New Zealand King (Rough-faced) Shag
0%
Gulls Olrog's Gull
0%
Cormorants & Shags Pelagic (Baird's) Cormorant
0%
Terns Peruvian Tern
0%
Gadfly Petrels Phoenix Petrel
0%
Storm-Petrels Pincoya Storm-Petrel
0%
Pelicans Pink-Backed Pelican
0%
Cormorants & Shags Pygmy Cormorant
0%
Shearwater Rapa Shearwater
0%
Cormorants & Shags Red-faced Cormorant
0%
Cormorants & Shags Red-legged Cormorant
0%
Cormorants & Shags Reed (Long-tailed) Cormorant
0%
Gulls Relict Gull
0%
Storm-Petrels Ringed (Hornby's) Storm-Petrel
0%
Gulls Saunder's Gull
0%
Terns Saunder's Tern
0%
Gulls Slender-billed Gull
0%
Terns Snowy-crowned (Trudeau's) Tern
0%
Cormorants & Shags Socotra Cormorant
0%
Cormorants & Shags South Georgia Shag
0%
Auks Spectacled Guillemot
0%
Pelicans Spot-billed Pelican
0%
Ducks Stejneger's Scoter
0%
Cormorants & Shags [Stewart Island Shag] Foveaux Shag
0%
Storm-Petrels Swinhoe's Storm-Petrel
0%
Bulweria Petrels Tahiti Petrel
0%
Grebes Titicaca Grebe
0%
Gadfly Petrels Trindade Petrel
0%
Storm-Petrels Tristram's Storm-Petrel
0%
Gadfly Petrels Vanuatu Petrel
0%
Storm-Petrels Wedge-rumped Storm-Petrel
0%
Terns West African Crested Tern
0%
Gulls Western Gull
0%
Terns White-Cheeked Tern
0%
Gulls White-eyed Gull
0%
Ducks White-headed (Chubut) Steamer Duck
0%
Gadfly Petrels White-necked Petrel
0%
Grebes White-tufted Grebe
0%
Gadfly Petrels Zino's Petrel (Freira)
0%
No matching quizzes found
Score Distribution
Percent of People with Each Score
Percentile by Number Answered
Your Score History
You have not taken this quiz